00599 2200217 4500001002100000005001700021008004100038020001800079035002400097082001000121090001700131100002300148245007500171250001100246260003300257300002500290650003300315850001200348985000600360999001500366YOGYA-0209000006210520090227040018.0 ind  a979-416-371-6 0010-020900000062105 a741.5 a741.5bPra Y aPRAMUJO, Pramono R aIndonesiaku, duniakubParade karikatur 1990-1995cPramono R. Pramoedyo aCet. 1 aJakartabSinar Harapanc1996 a231 hlmbilusc21 cm aKartun dan karikatur politik aYOPDYOG a1 a98B0028468